| 000 | 00797nam a2200253 a 4500 | ||
|---|---|---|---|
| 999 |
_c3270 _d3270 |
||
| 001 | 4698974 | ||
| 003 | GBCCL | ||
| 005 | 20241126110451.0 | ||
| 008 | 830225s1982 coua 001 0 eng | ||
| 010 | _a 82081332 | ||
| 020 |
_a0936664061 (pbk.) : _c$14.95 |
||
| 040 |
_aDLC _cDLC _dDLC |
||
| 050 | 0 | 0 |
_aBV4447 _b.H295 1982 |
| 082 | 0 | 0 |
_a268.433 _219 _bHAR |
| 245 | 0 | 0 |
_aHard times catalog for youth ministry / _ccompiled by Marilyn & Dennis Benson. |
| 260 |
_aLoveland, CO : _bGroup Books, _cc1982. |
||
| 300 |
_a288 p. : _bill. ; _c24 cm. |
||
| 500 | _aIncludes index. | ||
| 650 | 0 |
_aChurch work with youth _xHandbooks, manuals, etc. _96718 |
|
| 700 | 1 |
_aBenson, Marilyn J. _96719 |
|
| 700 | 1 |
_aBenson, Dennis C. _96720 |
|
| 906 |
_a7 _bcbc _corignew _d2 _eopcn _f19 _gy-gencatlg |
||
| 942 |
_2ddc _cBK |
||